| 000 | 00821nam a22002057a 4500 | ||
|---|---|---|---|
| 999 |
_c63160 _d63160 |
||
| 003 | Ge_BSU | ||
| 005 | 20250613104413.0 | ||
| 008 | 250613s2002 ge ||||| |||| 00| 0 geo d | ||
| 041 | _ageo | ||
| 080 | _a58(479.22) ბ-54 | ||
| 100 |
_aბეროშვილი, ვ. _925410 |
||
| 245 |
_aპარკთმშენებლობა და ტყეპარკი / _cვალ. ბეროშვილი; რედ. შ. ხიდაშელი. |
||
| 264 |
_aთბილისი, _c2002. |
||
| 300 |
_a203 გვ. : _bილ.; _c20 სმ. |
||
| 500 | _aწიგნს აკლია გვ. 85-86 | ||
| 504 | _aბიბლიოგრ. გვ. 202 | ||
| 653 | _aტყეპარკი | ||
| 700 |
_aხიდაშელი, შ. _eრედაქტორი _925411 |
||
| 942 |
_2udc _cᲬᲘᲒᲜᲘ |
||